| 000 | 00386pam a2200157 a 4500 | ||
|---|---|---|---|
| 020 |
_a0387983872 _c |
||
| 041 | _h | ||
| 082 |
_a617.3 _bKOV/ZUC |
||
| 100 | _aKOVAL K.J., ZUCKERMAN J.D. . | ||
| 245 |
_aHIP FRACTURES : A PRACTICAL GUIDE TO MANAGEMENT _hTextual Documents |
||
| 250 | _a1. | ||
| 260 |
_bSPRINGER _c2000 |
||
| 300 |
_a330: _bX; _cHB. |
||
| 930 | _a5523 | ||
| 999 |
_c800050 _d800050 |
||
| 650 | _aORTHO | ||